Sports Quiz

Random Sports or Hockey Quiz
Score 0/22 Timer 06:00
0 Plays Today
Season Team % Correct
2008-09Ak Bars Kazan
85.5%
2018-19CSKA Moscow
77.6%
2009-10Ak Bars Kazan
73.6%
2017-18Ak Bars Kazan
72.7%
2016-17SKA St. Petersburg
72.3%
2012-13Dynamo Moscow
71%
2014-15SKA St. Petersburg
70.7%
2011-12Dynamo Moscow
70%
2013-14Metallurg Magnitogorsk
69%
2018-19Avangard Omsk Oblast
67.3%
2017-18CSKA Moscow
67.3%
Season Team % Correct
2015-16Metallurg Magnitogorsk
66.7%
2016-17Metallurg Magnitogorsk
64.6%
2015-16CSKA Moscow
61.1%
2013-14Lev Prague
57.1%
2012-13Traktor Chelyabinsk
56%
2008-09Lokomotiv Yaroslavl
55.5%
2014-15Ak Bars Kazan
54.7%
2010-11Salavat Yulaev Ufa
53.6%
2011-12Avangard Omsk
53.6%
2010-11Atlant Moscow Oblast
44.5%
2009-10HC MVD
36.4%
Remove Ads.
Support Sporcle.
Get the best of Sporcle when you Go Orange. This ad-free experience offers more features, more stats, and more fun while also helping to support Sporcle. Thank you for becoming a member.

You're not logged in!

Compare scores with friends on all Sporcle quizzes.
OR
Log In

Show Comments

Extras

Top Quizzes Today


Score Distribution

Your Account Isn't Verified!

In order to create a playlist on Sporcle, you need to verify the email address you used during registration. Go to your Sporcle Settings to finish the process.

Report this User

Report this user for behavior that violates our Community Guidelines.

Details: